Jusqu'où irez vous ? #33 (Tapez seulement une lettre ou un chiffre) - Statistiques

Statistiques générales
  • Ce quiz a été pris 162 fois
  • Le résultat moyen est 13 sur 80
Statistiques - réponses
Hint Réponse % Correct
A B C D E F ? G (début de l'Alphabet)
100%
1 2 4 ? 16 8 (il faut multiplier par 2 à chaque fois)
91%
Z Y X W V U ? T (fin de l'Alphabet à l'envers)
90%
27 9 3 ? 1 (il faut diviser par 3 à chaque fois)
87%
A1 C3 ?5 G7 E (il faut sauter une lettre et un nombre à chaque fois)
83%
1A 2E 3I 4O 5? 6Y U (rang des voyelles dans l'ordre alphabétique)
80%
Déborder d'entrain, de vitalité = ?T le feu P (péter)
63%
Personne qui ne croit pas en Dieu = ?T A (athée)
62%
Mourir = D?D C (décéder)
58%
Débarrasser (une surface) des dépôts, des matières qui y adhèrent fortement = DK? P (décaper)
53%
Remuer pour mélanger un liquide = A?T J (agiter)
46%
Bras de mer entre deux terres rapprochées et qui fait communiquer deux mers (comme celui d'Ormuz) = D? 3 (détroit)
45%
Examiner (qqch.) par un débat, en étudiant le pour et le contre = 10 ? T Q (discuter)
39%
2 3 ? 7 11 13 5 (suite des nombres premiers en partant de 2)
37%
Supérieur d'un monastère d'homme = A? B (abbé)
35%
Suffisamment = A? C (assez)
35%
60 = ?ISE O (code du département de l'Oise)
24%
256/144 = 16/? 9 (Format 16/9)
18%
Groseillier à baies noires et à feuilles odorantes = ?6 K (cassis)
18%
Désignation d'un produit par le nom de sa provenance, selon des critères territoriaux et qualitatifs = A?C O (appellation d'origine contrôlée)
18%
Téléphone (1976-1986) ; Les Insus = Jean-Louis ?bert O (Jean-Louis Aubert)
18%
Qui vient d'être fait et n'a pas encore servi = ? 9 (neuf)
13%
Personne dont le conjoint est infidèle = co? Q (cocu)
13%
Regard apitoyant, attendrissant = ? de chien battu R (air de chien battu)
13%
Gâteau confectionné avec le même poids de farine, de sucre, de beurre et d'œufs = 4 ?/4 1 (Quatre-quarts)
12%
Accorder à titre de faveur, de grâce = OC?YER 3 (octroyer)
12%
She likes your comics = L ? T B D M (elle aime tes bd)
12%
83140 = ?-Fours-les-Plages 6 (code postal de Six-Fours-les-Plages)
10%
Catherine Fabienne Dorléac = ?neuve 2 (Catherine Fabienne Dorléac, nom d'état civil de Catherine Deneuve)
8%
D'une laideur repoussante = i? 2 (hideux)
8%
Enfant en bas âge = B? B (bébé)
8%
Esmeralda en 1998 = L N ?gara C (Hélène Ségara)
8%
Représentation intellectuelle (d'un être, d'une manière d'être, d'un rapport) = ?D I (Idée)
8%
Capri c'est fini (1965), Nous (1979), Reviens (1980) et Méditerranéenne (1983) = R? Vilard V (Hervé Vilard)
8%
Partie située de chaque côté du corps, entre la cuisse et le tronc (entre le haut de la cuisse et le bas-ventre) = ? N (aine)
5%
De haut rang ; spécialement riche = ?P U (huppé)
5%
36100 = ISSOUD? 1 (code postal d'Issoudun)
4%
10000 dans l'aube = ? 3 (code postal de Troyes)
4%
04200 = ?TERON 6 (code postal de Sisteron)
4%
Commune urbaine et littorale de l'Hérault qui compte 45 337 habitants en 2023 = ? 7 (Sète)
4%
Évaluer (un volume) en unités cubiques = Q? B (cuber)
4%
Opérette française datant de 1945 avec dans le rôle principal Luis Mariano : La Belle de ?10 K (La Belle de Cadix)
4%
Divinité mythique ; dieu ou déesse = ?IT D (déité)
3%
Ivre, aviné, en état d'ivresse = ?IT Q (cuité)
3%
Enseignement de la doctrine et de la morale chrétiennes = K? T (caté, catéchisme)
3%
π = 3,141?9 5 (valeur du nombre Pi)
2%
Films notables : La Plage, Mortel transfert, Le Raid, Fanfan la Tulipe et Mutants = ?N2 Fougerolles L (Hélène de Fougerolles)
2%
Réalisateur et scénariste français (Hôtel des Amériques, Rendez-vous, Ma saison préférée, Les Roseaux sauvages, Les Voleurs) : André ?chiné T (André Téchiné)
2%
71400 = Ot? 1 (code postal d'Autun)
0%
Lettre ou chiffre en Alphabet sémaphore illustrée ci-dessous (donne l'un des deux) = ? 1280px-Semaphore_Alpha.svg.png A ou 1
0%
Première personne du singulier de l’imparfait du subjonctif de "dédire" = D1? 0 (dédisse)
0%
Gaucher réputé pour ses dribbles et ses centres qui est l'une des figures majeures du championnat allemand de football où il a remporté quatre titres nationales avec le Bayern Munich (2003, 2005, 2006 et 2008) = ?berto 0 (Zé Roberto)
0%
97 89 83 79 73 7? 1 (suite des nombres premiers en partant de 97)
0%
RAV = ?8 3 (à l'envers 83 = VAR)
0%
Coq auquel on a retranché un testicule = co? 4 (cocâtre)
0%
Chanson de Stromae de 2013 = ?midable 4 (Formidable)
0%
Année de la mort de Rembrandt = 1?69 6 (1669)
0%
Année de naissance de Montesquieu = 1?89 6 (1689)
0%
Boîtier contenant une bande magnétique qui permet d'enregistrer le son, ou l'image et le son = K? 7 (cassette)
0%
Chanson d'Adele de 2011 = ? Fire to the Rain 7 (Set Fire to the Rain)
0%
an egg = 1 ? 9 (an egg + un oeuf)
0%
CQVDN = 19? 9 (Premières lettres des mots du nombre quand il est écrit en lettres)
0%
Abbréviation du terme qui signifie Appareil qui emmagasine l'énergie électrique fournie par une réaction chimique et la restitue sous forme de courant = ?Q A (accu / accumulateur)
0%
Exagérément satisfait et tranquille = B? A (béat)
0%
Organisation basque indépendantiste d'inspiration marxiste-léniniste active du 31 juillet 1959 au 2 mai 2018 = ET? A (Euskadi ta Askatasuna)
0%
Remplacée en 2022 par l'Institut national du service public (INSP) : l' ?NA E (L'École nationale d'administration)
0%
Ensemble de huit, d'environ huit éléments de même sorte = 8? N (huitaine)
0%
Lettre ou chiffre en Alphabet sémaphore illustrée ci-dessous (donne l'un des deux) = ? 1280px-Semaphore_Bravo.svg.png B ou 2
0%
Peuple vivant dans le centre-ouest de la Côte d'Ivoire = B? T (Les Bétés)
0%
224 = DC?Q V (Conversion des nombres avec les premières lettres des mots quand ils sont écrits en lettres)
0%
ILS/ELLES = ATP/?TA W (classements mondiaux de tennis hommes et femmes ATP/WTA)
0%
Single sortie en 1978 = ?MCA Y (chanson disco du groupe Village People)
0%
Lettre ou chiffre en Alphabet sémaphore illustrée ci-dessous (donne l'un des deux) = ? 1280px-Semaphore_Charlie.svg.png C ou 3
0%
Lettre ou chiffre en Alphabet sémaphore illustrée ci-dessous (donne l'un des deux) = ? 1280px-Semaphore_Delta.svg.png D ou 4
0%
Lettre ou chiffre en Alphabet sémaphore illustrée ci-dessous (donne l'un des deux) = ? 1280px-Semaphore_Echo.svg.png E ou 5
0%
Lettre ou chiffre en Alphabet sémaphore illustrée ci-dessous (donne l'un des deux) = ? 1280px-Semaphore_Foxtrot.svg.png F ou 6
0%
Lettre ou chiffre en Alphabet sémaphore illustrée ci-dessous (donne l'un des deux) = ? 1280px-Semaphore_Golf.svg.png G ou 7
0%
Lettre ou chiffre en Alphabet sémaphore illustrée ci-dessous (donne l'un des deux) = ? 1280px-Semaphore_Hotel.svg.png H ou 8
0%
Lettre ou chiffre en Alphabet sémaphore illustrée ci-dessous (donne l'un des deux) = ? 1280px-Semaphore_India.svg.png I ou 9
0%
Lettre ou chiffre en Alphabet sémaphore illustrée ci-dessous (donne l'un des deux) = ? 1280px-Semaphore_Kilo.svg.png K ou 0
0%
Aucun quiz correspondant
Distribution des résultats
% des personnes avec chaque résultat
Percentile par nombre de réponses
Votre historique - résultats
Vous n’avez pas pris ce quiz